| 000 | 00720nam a22001577a 4500 | ||
|---|---|---|---|
| 003 | OSt | ||
| 005 | 20151106095300.0 | ||
| 008 | 151106b xxu||||| |||| 00| 0 eng d | ||
| 040 | _cRUA | ||
| 082 | _aFOR CHE 2002 B128 Or.1 | ||
| 100 |
_93435 _aCHEANG, SOPHEAK. |
||
| 245 | _aEffectiveness of waterbird conservation at phnom tamao zoological garden and wildlife rescue center (ប្រសិទ្ធភាពនៃការអភិរក្សសត្វស្លាបទឹកនៅឧទ្យានសួនសត្វនិងមជ្ឃមណ្ឌលសង្រោះសត្វព្រៃភ្នំតាម៉ៅ) | ||
| 260 |
_aPhnom Penh _bRUA _c2002 |
||
| 300 |
_a59p. _bill. _c29cm. |
||
| 942 |
_2ddc _cFOR |
||
| 999 |
_c3206 _d3206 |
||